LES 15 MEILLEURS PASSEURS DE LA COUPE DU MONDE. - Statistiques

Statistiques générales
  • Ce quiz a été pris 54 fois
  • Le résultat moyen est 3 sur 15
Statistiques - réponses
RANG NOM PASSES D % Correct
1 LIONEL MESSI 8
95%
8 THOMAS MULLER 6
56%
9 PELE 6
40%
2 DIEGO MARADONA 8
33%
5 DAVID BECKHAM 6
14%
10 BASTIAN SCHWEINSTEIGER 6
9%
14 MICHAEL BALLACK 5
7%
6 FRANCESCO TOTTI 6
5%
15 JUAN CUADRADO 5
5%
4 Grzegorz Boleslaw Lato 7
2%
12 IVAN PERISIC 5
2%
11 ROBERT GADOCHA 5
2%
13 JUAN SEBASTIAN VERON 5
0%
3 PIERRE LITTBARSKI 7
0%
7 THOMAS HASSLER 6
0%
Aucun quiz correspondant
Distribution des résultats
% des personnes avec chaque résultat
Percentile par nombre de réponses
Votre historique - résultats
Vous n’avez pas pris ce quiz